000 01219nam a22003257a 4500
003 CHAP
005 20220329135315.0
008 971013s1976 mx a r 00010 spa d
010 _a34170
011 _a35142
035 _a39258
040 _cCHAP
082 _a581.634
_bL8
100 0 0 _aLozoya Legorreta, Xavier.
_968824
245 1 0 _aEstudio actual del conocimiento en plantas medicinales mexicanas
_c/por Xavier Lozoya Legorreta
260 _aMéxico :
_bInstituto Mexicano para el Estudio de las Plantas Medicinales,
_c1976
300 _a255 p.
_b: ilus.
590 _aBATCH-UPD
_b10
_c20130110
_lUCH01
_h0928
590 _aBATCH-UPD
_b10
_c20130410
_lUCH01
_h0548
590 _aBATCH-UPD
_b10
_c20130914
_lUCH01
_h0731
590 _aCONVERSION
_b10
_c20130109
_lUCH01
_h1319
650 1 4 _aBotánica médica.
_914680
650 1 4 _aBotánica
_xHistoria.
_914552
710 0 _aInstituto Mexicano para el Estudio de las Plantas Medicinales, A.C.
_959269
901 _aBK
942 _cLIBRO
949 _a581.634 L8
_bBC
_cLIBRO
_d-89572
_eLIBRO
_h40450
_i39258
_mD
_si
949 _a581.634 L8
_bBC
_cLIBRO
_d33724002175371
_eLIBRO
_fc.3
_h112703
_i39258
_si
949 _a581.634 L8
_bBC
_cMUT
_d-89573
_eMUT
_fc.2
_h44374
_i39258
_mD
_si
999 _c34170
_d34170